• Hess John

di Personal Name

Records bibliografici associati: 1

001 - CONTROL NUMBER

  • control field: 6941

003 - CONTROL NUMBER IDENTIFIER

  • control field: IT-RoPau

005 - DATE AND TIME OF LATEST TRANSACTION

  • control field: 20140101214038.0

008 - FIXED-LENGTH DATA ELEMENTS

  • fixed length control field: 140101|| aca||aabn | a|a d

040 ## - CATALOGING SOURCE

  • Original cataloging agency: IT-RoPau
  • Transcribing agency: IT-RoPau

100 ## - HEADING--PERSONAL NAME

  • Personal name: Hess John
  • Dates associated with a name: Codice autore SPICS: 18562
  • Relator term: Autore
  • Name of part/section of a work: Vous qui passez sans me voir

670 ## - SOURCE DATA FOUND

  • Source citation: Work cat.: (IT-RoPau)103179: AA.VV. 794, Can Can (Caravelli e la sua orchestra d'archi)-Lp Rb 10
CREDITS: SOCIETA' SAN PAOLO Via A.Severo, 58 - ROMA (RM) & PERIODICI SAN PAOLO SRL Via Giotto, 36 MILANO & CISF Via Giotto, 36 MILANO & EDIZIONI SAN PAOLO SRL,  Piazza Soncino, 5 CINISELLO BALSAMO (MI) -- ITALY